[Event "Barcelona Sants op 21st"]
[Site "Barcelona"]
[Date "2019.08.31"]
[Round "9"]
[White "Ballester Llagaria, Luis Eduardo"]
[Black "Krysa, Leandro Sergio"]
[Result "0-1"]
[WhiteElo "2312"]
[BlackElo "2516"]
[Annotator "Doe,John"]
[PlyCount "34"]
[EventDate "2019.08.23"]
[EventType "swiss"]
[EventRounds "10"]
[EventCountry "ESP"]
[SourceTitle "EXT 2020"]
[Source "ChessBase"]
[SourceDate "2019.10.17"]
[SourceVersion "1"]
[SourceVersionDate "2019.10.17"]
[SourceQuality "1"]

1. e4 e5 2. Nf3 Nc6 3. d4 exd4 4. Nxd4 Bc5 5. Nb3 Bb6 6. Nc3 Nge7 7. Bg5 f6 8.
Bh4 O-O 9. Qd2 a5 10. a4 Nb4 11. Bc4+ Kh8 12. O-O d6 13. Kh1 Ng6 14. Bg3 f5 15.
exf5 Bxf5 16. Nd5 Nxd5 17. Qxd5 Bxc2 {il.legible} 0-1

[Event "Vejle"]
[Site "Vejle"]
[Date "1994.??.??"]
[Round "?"]
[White "Hector, Jonny"]
[Black "Sahl, Bjarke"]
[Result "0-1"]
[WhiteElo "2515"]
[BlackElo "2465"]
[Annotator "Donev,I"]
[PlyCount "76"]
[EventDate "1994.02.??"]
[EventType "tourn"]
[EventRounds "9"]
[EventCountry "DEN"]
[EventCategory "10"]
[SourceTitle "CBM 040"]
[Source "ChessBase"]
[SourceDate "1994.06.01"]
[SourceVersion "1"]
[SourceVersionDate "1994.06.01"]
[SourceQuality "1"]

1. e4 e5 2. Nf3 Nc6 3. d4 exd4 4. Nxd4 Bc5 5. Nb3 Bb6 6. a4 a6 7. Nc3 d6 8. Nd5
Ba7 9. Be3 (9. Bg5 $5 Qxg5 (9... f6 $142 $13) 10. Nxc7+ Ke7 11. Nxa8 $16) 9...
Bxe3 10. Nxe3 Nf6 11. Bd3 O-O 12. O-O Re8 13. f3 Bd7 (13... Be6 14. c4 a5 15.
Rf2 Qb8 $1 (15... b6 16. Rd2 $14) 16. Rc1 Qa7 17. Nd5 Bxd5 18. cxd5 Nb4 19.
Rxc7 Nfxd5 $1 $13) (13... d5 $6 14. Nxd5 Nxd5 15. exd5 Nb4 16. c4 c6 17. d6 $1
$14) 14. c4 Qb8 $1 15. Rf2 Qa7 $1 $10 {/^g1-a7} 16. Nd5 Nxd5 17. exd5 (17. cxd5
Ne5 18. Qd2 f5 $1 $15) 17... Nb4 (17... Ne5 18. Nd4 Re7 $15 {/\Rae8} (18...
Qxd4 $4 19. Bxh7+ $18)) 18. Bf1 Re3 19. a5 (19. Nd4 Rae8 20. Qd2 a5 $15) 19...
Rae8 20. Nd4 (20. Qd4 Qxd4 21. Nxd4 c6 22. dxc6 bxc6 $15) 20... g6 (20... Re1
$1 21. Qxe1 Rxe1 22. Rxe1 Qxd4 23. Re7 Ba4 24. b3 Kf8 25. Re4 Qc5 26. bxa4 g6
$17) 21. Ra3 Re1 22. Qd2 Qc5 23. Rb3 Na2 24. Rxb7 Nc1 25. Qc3 (25. b3 Ne2+ 26.
Nxe2 R8xe2 27. Qxe2 Rxe2 28. Bxe2 Qxa5 $15) 25... Rd1 $17 26. Rd2 $8 Ne2+ $1
27. Rxe2 Rxe2 28. b4 Ree1 $1 29. Qxe1 $8 Qxd4+ 30. Qf2 Qxc4 31. h3 Bb5 $19 32.
Kh2 Qxf1 33. Rb8+ Kg7 34. Qb2+ Kh6 (34... f6 35. Qc2 Qg1+ 36. Kg3 Qe1+ 37. Kh2
Qe5+ $19) 35. Qc2 Qg1+ 36. Kg3 Qe1+ 37. Kh2 Qe5+ 38. g3 Qd4 0-1

[Event "Nanjing Pearl Spring 3rd"]
[Site "Nanjing"]
[Date "2010.10.20"]
[Round "1"]
[White "Carlsen, Magnus"]
[Black "Bacrot, Etienne"]
[Result "1-0"]
[WhiteElo "2826"]
[BlackElo "2716"]
[Annotator "Edouard,R"]
[PlyCount "75"]
[EventDate "2010.10.20"]
[EventType "tourn"]
[EventRounds "10"]
[EventCountry "CHN"]
[EventCategory "21"]
[SourceTitle "CBM 139"]
[Source "ChessBase"]
[SourceDate "2010.11.18"]
[SourceVersion "1"]
[SourceVersionDate "2010.11.18"]
[SourceQuality "1"]
[TimeControl "40/7200:20/3600:900+30"]

1. e4 e5 2. Nf3 Nc6 3. d4 exd4 4. Nxd4 Bc5 5. Nb3 Bb6 6. Nc3 Nf6 7. Qe2 O-O {
A rare move, but once played by Anand! To be honest, I just don't like this
line for Black.} (7... d6 {is more common.}) 8. Bg5 h6 9. Bh4 $1 $146 (9. h4 d6
10. f3 hxg5 11. hxg5 Ng4 12. fxg4 Qxg5 13. Qf3 Bxg4 14. Qg3 Ne5 15. Be2 f5 16.
exf5 Qxf5 17. O-O-O Bxe2 18. Nxe2 Qf2 19. Qh2 Qxe2 20. Qh8+ Kf7 21. Rdf1+ Bf2
22. Qh7 Ke6 23. Kb1 Qg4 {0-1 Rublevsky,S (2649)-Anand,V (2781)/Bastia 2004})
9... a5 10. a4 Nd4 {Not forced, but attractive. But I am not sure that other
continuations are easier to play.} ({I checked the following line briefly:} 
10... Re8 11. O-O-O d6 12. f3 $5 Be6 13. g4 Bxb3 (13... Ne5 14. Nd4 $16) 14.
cxb3 Nd4 15. Qg2 $5 Nxb3+ 16. Kb1 Nd4 17. Bc4 c6 18. g5 hxg5 19. Bxg5 {nad and
Black will face a decisive attack.}) 11. Qd3 Nxb3 12. cxb3 Re8 13. O-O-O {
From there Etienne started to spend a lot of time for each move. But here I
already prefer White even if Black's position shouldn't be a desaster at all.}
d6 14. Qc2 $1 {White wants to go Bc4, and at the same time allow some
combinations with e5.} Bd7 $6 {I guess the idea for this move is to wait for
Bc4 and go ...Be6, without playing ...c6, weaknessing the d6-pawn. That's why
15.Kb1!? could be clever. But it looks like 15.Bc4 is almost winning by force.}
(14... c6 15. Bc4 Qe7 {ought to be a better defense. Somehow, I feel like
White should be at least slightly better. But things are far from easy, for
instance:} 16. Rhe1 Be6 17. Nd5 $5 (17. f3 Bxc4 18. bxc4 Qe6 {followed by ...
Nd7, and Black should have no problem.}) 17... cxd5 18. exd5 g5 $1 19. Bg3 Nxd5
20. Rxd5 Bc5 21. Rxc5 dxc5 22. Rxe6 fxe6 23. Qg6+ Qg7 24. Bxe6+ Rxe6 25. Qxe6+
Kh7 $11) 15. Bc4 Be6 16. Rhe1 Qe7 17. e5 $1 dxe5 18. Rxe5 {White is
threatening Nd5. From now Etienne play kind of all best defensive moves. But
it is not enough to hold this tough position against Carlsen.} Qf8 $8 19. Bxf6
gxf6 20. Re2 $16 Qg7 21. Bxe6 $1 Rxe6 22. Rxe6 fxe6 23. Rd3 Kh8 24. Rg3 Qh7 25.
Qd2 Bc5 $8 26. Ne4 Be7 27. Rh3 Kg7 (27... Rd8 28. Rxh6 Rxd2 29. Rxh7+ Kxh7 30.
Kxd2 $18) 28. Qd7 $18 Kf7 29. Ng5+ $5 (29. Nxf6 $5 Kxf6 30. Rf3+ $18) 29...
fxg5 30. Rf3+ Kg8 31. Qxe6+ Kh8 32. Rf7 Bd6 33. Rxh7+ Kxh7 34. Qf7+ Kh8 35. g3
Ra6 36. Kb1 Bb4 37. f4 gxf4 38. gxf4 1-0

[Event "Budapest FS03 GM"]
[Site "Budapest"]
[Date "1996.??.??"]
[Round "10"]
[White "Totsky, Leonid"]
[Black "Acs, Peter"]
[Result "1/2-1/2"]
[WhiteElo "2430"]
[BlackElo "2440"]
[Annotator "Endgame-CD"]
[PlyCount "142"]
[EventDate "1996.03.??"]
[EventType "tourn"]
[EventRounds "13"]
[EventCountry "HUN"]
[EventCategory "9"]
[SourceTitle "CBM 053"]
[Source "ChessBase"]
[SourceDate "1996.08.01"]
[SourceVersion "1"]
[SourceVersionDate "1996.08.01"]
[SourceQuality "1"]

1. e4 e5 2. Nf3 Nc6 3. d4 exd4 4. Nxd4 Bc5 5. Nxc6 Qf6 6. Qd2 dxc6 7. Bd3 Be6
8. Nc3 O-O-O 9. Qf4 Qxf4 10. Bxf4 Ne7 11. Bg3 f6 12. f3 Bd4 13. O-O-O h5 14.
Rhf1 c5 15. Nb5 Be3+ 16. Kb1 c4 17. Be2 Bb6 18. c3 h4 19. Bf2 Bxf2 20. Rxf2 a6
21. Nd4 Bf7 22. f4 c5 23. Nf3 Rxd1+ 24. Bxd1 Nc6 25. Rd2 Kc7 26. Bc2 Be6 27.
Kc1 b6 28. Kd1 Bg4 29. Ke2 g5 30. fxg5 h3 31. Ke3 hxg2 32. Rxg2 Bxf3 33. Kxf3
fxg5 34. Kg4 Ne5+ 35. Kf5 Nf3 36. Rf2 Rf8+ 37. Kg4 Ne5+ 38. Kg3 Rxf2 39. Kxf2
b5 40. Ke2 Kd6 41. h3 Ng6 42. e5+ Nxe5 43. Ke3 Nd7 44. Bf5 Nb6 45. Kd2 Ke5 46.
Bg4 Ke4 47. Be6 Kf4 48. Bg4 Nd5 49. Bc8 Nc7 50. Bd7 b4 51. Bg4 Kg3 52. Bf5 a5
53. Bd7 Kg2 54. Bg4 Kg3 55. Bd7 Kf2 56. Bg4 Nb5 57. Be6 Nd6 58. Bd5 Kg3 59. Be6
a4 60. cxb4 cxb4 61. Ke3 b3 62. axb3 cxb3 63. Kd3 Nb5 64. Bd7 a3 65. bxa3 Nxa3
66. Kc3 Nc2 67. Kxb3 Ne1 68. Kc3 Nf3 69. Bc8 Ng1 70. Kd4 Nxh3 71. Ke5 Nf2 {
Remis. Rückt der Bauer vor, dann opfert sich der Läufer. Die einzige Chance
besteht darin, den Springer zwischen den Läufer und das Feld zu stellen, auf
das der Bauer vorrücken soll. Hier ist der weiße König aber so nahe am Bauern,
daß diesen Idee nichz durchführbar ist.} 1/2-1/2

[Event "Corus-B"]
[Site "Wijk aan Zee"]
[Date "2005.01.23"]
[Round "8"]
[White "Mamedyarov, Shakhriyar"]
[Black "Onischuk, Alexander"]
[Result "1/2-1/2"]
[WhiteElo "2657"]
[BlackElo "2652"]
[Annotator "Erenburg,S"]
[PlyCount "87"]
[EventDate "2005.01.15"]
[EventType "tourn"]
[EventRounds "13"]
[EventCountry "NED"]
[EventCategory "13"]
[SourceTitle "CBM 105"]
[Source "ChessBase"]
[SourceDate "2005.04.11"]
[SourceVersion "1"]
[SourceVersionDate "2005.04.11"]
[SourceQuality "1"]

1. e4 e5 2. Nf3 Nc6 3. d4 exd4 4. Nxd4 Bc5 5. Nb3 Bb6 6. Nc3 d6 7. a4 a6 {
Shakhriyar himself played this line with Black in December, where he continued:
} (7... Na5 $5 $146 8. Nxa5 Bxa5 9. Bd3 Qh4 10. O-O Nf6 11. Nd5 Nxd5 12. exd5
O-O 13. c3 a6 14. Be3 Bd7 15. Re1 Rfe8 16. g3 Qf6 17. Bd4 Rxe1+ 18. Qxe1 Qxd4
19. cxd4 Bxe1 20. Rxe1 Bxa4 21. Re7 Bb3 22. Be4 b5 23. Rxc7 a5 $15 {0-1 De la
Riva Aguado,O-Mamedyarov,S/Pamplona ESP 2004/The Week in Chess 530 (39)}) 8.
Nd5 {Also playable 8.Be2 and 8.Bd3.} Ba7 9. Qf3 {[%mdl 4] White chooses an
aggressive option of long castle. In preceding games white usually chose the
following continuation:} (9. Be3 Bxe3 10. Nxe3 Nf6 11. Bd3 O-O 12. O-O Re8 13.
f3 Be6 14. c4 $1 a5 15. Rf2 Nd7 16. f4 {[%csl Re6][%cal Gf4f5]} f6 17. Rd2 Qb8
$1 $146 {[%cal Yb8a7,Ya7g1]} 18. Kh1 Qa7 19. Nd5 {[%csl Rc7]} Rac8 20. Qh5 $6
f5 $1 21. Rad1 Nb4 $1 $11 {0-1 Rublevsky,S-Naiditsch,A/Dortmund 2004/CBM 102/
[Postny] (39)}) 9... Nge7 $146 {In the previous game black tried} (9... Ne5 10.
Qg3 Ng6 11. Bg5 f6 12. Be3 c6 13. Nc3 Bxe3 14. Qxe3 Qe7 15. O-O-O Nh6 16. Qg3
Nf7 17. f4 O-O 18. h4 Rd8 19. h5 $36 {1-0 Ginzburg,M-Vasta,E/Mar del Plata
1996/CBM 51 ext (33)}) 10. Bg5 {[%mdl 4]} Be6 11. O-O-O {[%mdl 4]} Bxd5 {
changing white's active knight.} ({Probably, black doesn't equalize after} 
11... f6 12. Bf4 (12. Bxf6 gxf6 13. Nxf6+ Kf7 14. Nh5+ Ke8 15. Nf6+ $11) (12.
Be3 Ne5 13. Qg3 Bxd5 $1) 12... Ne5 13. Qg3 N7g6 14. Be3 Bxe3+ 15. Qxe3 O-O 16.
f4 $14) 12. exd5 Ne5 13. Qe2 h6 {liberating himself from the unpleasant pin.} (
{It is too early for castle:} 13... O-O 14. f4 f6 (14... N5g6 15. f5 Ne5 16. f6
$16) 15. Bxf6 gxf6 16. fxe5 fxe5 17. Qg4+ $36 {[%cal Yf1d3]}) 14. Be3 (14. Bxe7
{doesn't work, in view of} Qxe7 15. Re1 Qg5+ $1 $15) 14... Bxe3+ 15. Qxe3 Qd7 {
Black doesn't hurry with defining the position of his monarch, but keeps both
options of castling.} (15... O-O 16. f4 $14) 16. f4 Ng4 17. Qf3 Nf6 18. a5 $1 {
fixing Black's queenside pawns.} O-O 19. Rg1 {preparing to carry out g2-g4.}
Rae8 (19... Qg4 $5 {comes to consideration.}) 20. g4 Nexd5 $6 ({After} 20...
Nfxd5 $5 21. g5 $1 (21. Rxd5 $2 Nxd5 22. Qxd5 Re1+ 23. Kd2 Qe7 $15) (21. Bd3
Nb4 $1) 21... Qe6 {[%cal Rh6g5,Ye6e3]} 22. gxh6 (22. Bh3 Qe3+ 23. Qxe3 Nxe3 24.
gxh6 g6 $17) 22... Qxh6 23. Rg5 c6 24. c4 (24. Bd3 Ng6) 24... f6 25. Rg4 f5 26.
Rg5 Nc7 27. Nd4 $44 {White gets sufficient compensation.}) 21. g5 Re3 22. Qg2
$1 (22. Qf2 $2 Ne4 $15) 22... Nxf4 23. Qf2 N6d5 24. gxh6 g6 {[%tqu "En",
"Please find the best continuation for white.","","","d1d5","",10]} 25. Rxd5 $1
{In this way, White wins two knights for the rook.} Nxd5 {[%tqu "En","White
sacrificed an exchange. What now?","","","f1c4","",10]} 26. Bc4 $1 Qe7 (26...
Qh3 27. Bxd5 Qxh6 28. Rxg6+ $18) 27. Bxd5 {[%mdl 1024]} c6 {Black had to save
the queenside pawns.} 28. Rxg6+ Kh8 29. Rg3 Rxg3 30. Qxg3 Rg8 ({Worse is} 30...
Qe5 {in view of} 31. Be4 $1 Qxg3 32. hxg3 Rg8 33. Bf5 $18) 31. Qc3+ Kh7 32.
Qd3+ Kxh6 33. Bf3 Rg1+ 34. Bd1 Qg5+ (34... Qe5 $5 35. Nd2 $1 Qxa5 (35... Qf4 {
- see the game.}) 36. Qxd6+ Kh7 37. Qd4 $16) 35. Nd2 Qf4 $14 {White has two
light pieces for the rook and a pawn. It is not so easy to evaluate this
position, as Black's pieces are more active, than White's ones. Probably,
White's chances are slightly better, as it is not an easy job to lose this
position for White :)} (35... Qxa5 {-34...Qe5}) 36. h4 d5 37. Qh3 {adding the
resource of invasion into the black camp through the diagonal h3-c8.} f5 ({
The trade of the queens plays in White's hands:} 37... Rg3 38. Qh2 (38. Qc8 $2
Kg7 $1 {[%cal Yg3g2]}) 38... Rg4 39. Qxf4+ Rxf4 40. h5 $16) 38. Qc3 d4 {
Black's chances are not bad, thanks to White's pieces disconsolidation.} 39.
Qc5 $2 {throwing away a slight edge... Better was:} (39. Qd3 Rg2 (39... Rh1 40.
h5) 40. c3 dxc3 (40... c5 $5 $14 {is probably better.}) 41. Qxc3 Kg6 42. h5+
Kf7 43. Qd3 $16) 39... Qg4 (39... Rxd1+ {leads to a drawish endgame:} 40. Kxd1
Qg4+ 41. Ke1 Qg3+ 42. Kf1 Qf4+ 43. Ke2 Qe3+ 44. Kf1 (44. Kd1 Qg1+ 45. Nf1 (45.
Ke2 d3+ $19) 45... Qxf1+ $19) 44... Qxd2 45. Qxf5 $11) 40. Qf8+ {White doesn't
have anything better, than the perpetual check.} Kh7 41. Qf7+ Kh6 42. Qf6+ Kh7
43. Qf7+ Kh6 44. Qf6+ 1/2-1/2

[Event "Pamplona 14th"]
[Site "Pamplona"]
[Date "2004.12.27"]
[Round "5"]
[White "De la Riva Aguado, Oscar"]
[Black "Mamedyarov, Shakhriyar"]
[Result "0-1"]
[WhiteElo "2528"]
[BlackElo "2660"]
[Annotator "Erenburg,S"]
[PlyCount "78"]
[EventDate "2004.12.22"]
[EventType "tourn"]
[EventRounds "7"]
[EventCountry "ESP"]
[EventCategory "16"]
[SourceTitle "CBM 105"]
[Source "ChessBase"]
[SourceDate "2005.04.11"]
[SourceVersion "1"]
[SourceVersionDate "2005.04.11"]
[SourceQuality "1"]

{[%mdl 2048]} 1. e4 e5 2. Nf3 Nc6 3. d4 exd4 4. Nxd4 Bc5 5. Nb3 {Other
theoretical lines are:} (5. Be3) (5. Nxc6) 5... Bb6 6. Nc3 ({Another
interesting attempt to get an advantage is} 6. Qe2 d6 7. Be3 Nf6 8. Nc3 O-O 9.
O-O-O Re8 10. f3 Ne5 11. Qd2 Be6 12. Be2 Bc4 13. g4 Bxe3 14. Qxe3 c6 15. g5 Nh5
16. f4 Bxe2 17. Nxe2 Nc4 18. Qf3 $16 {1-0 Ivanchuk,V-Topalov,V/Amber Blindfold,
Monte Carlo MNC 2004 (48)}) 6... d6 7. a4 {A fashionable line nowadays.} Na5 $5
$146 {[%mdl 4] A new move. This idea is very similar to one of the lines in
Caro-Kann: 1.e4 c6 2.d4 d5 3.Nc3 dxe4 4.Nxe4 Bf5 5.Ng3 Bg6 6.Nf3 Nf6 7.h4 Nh5!?
} ({The main reply is considered to be} 7... a6 8. Nd5 Ba7 9. Be3 Bxe3 10. Nxe3
Nf6 11. Bd3 O-O 12. O-O Re8 13. f3 Be6 14. c4 $1 a5 15. Rf2 Nd7 16. f4 {
[%csl Re6][%cal Gf4f5]} f6 17. Rd2 Qb8 $1 $146 {[%cal Yb8a7,Ya7g1]} 18. Kh1 Qa7
19. Nd5 {[%csl Rc7]} Rac8 20. Qh5 $6 f5 $1 21. Rad1 Nb4 $1 $11 {0-1 Rublevsky,
S-Naiditsch,A/Dortmund 2004/CBM 102/[Postny] (39)}) ({Black tried also} 7... a5
8. Nd5 Ba7 9. Bb5 Bd7 10. O-O Ne5 11. Bxd7+ Qxd7 12. Be3 Bxe3 13. Nxe3 Nf6 14.
Re1 O-O 15. Nd5 Nxd5 16. Qxd5 Nc6 17. Nd4 Nxd4 18. Qxd4 Rfe8 19. c4 Rad8 20. b3
b6 {1/2-1/2 Letelier Martner,R-Bronstein,D/Mar del Plata 1960/MCL (20)}) 8.
Nxa5 (8. Nd4 $6 {The fourth move with the same piece in the opening seems too
strange.} Ne7) 8... Bxa5 9. Bd3 Qh4 $5 {[%mdl 4] Black activated his queen,
and, at the same time, robbed from White the resource of pinning the knight
along the diagonal d8-h4:} (9... Nf6 10. O-O O-O 11. Bg5 $5) 10. O-O Nf6 11.
Nd5 $1 {The only way to fight for an advantage. After black played Qh4, white
will never have an idea of pushing forward his "f" pawn:} (11. f4 $4 Bb6+ 12.
Kh1 Ng4 $19) 11... Nxd5 12. exd5 O-O 13. c3 {threatening with winning the
dark-squared bishop.} a6 14. Be3 Bd7 15. Re1 ({Black isn't afraid of} 15. b4
Bb6 16. Bxb6 cxb6 {[%cal Ya8c8,Yc8c3] In spite of the double "b" pawns,
Black's position is excellent, as he can press white's queenside pawns through
the semi-open file "c".}) 15... Rfe8 16. g3 ({Deserves attention:} 16. Qb3 $5
$14 {[%cal Ye3d4] and White keeps some pressure on the queenside.} Rab8 $141 $2
17. Ba7 $1) 16... Qf6 17. Bd4 $2 {giving Black chances for an advantage.
Better was:} (17. Qb3 Qf3 18. Bf1 $14 {/=} (18. Qxb7 $4 Reb8 $19)) 17... Rxe1+
18. Qxe1 {[%tqu "En","Please enter the best move for black.","","","f6d4","",
10]} Qxd4 $1 19. cxd4 Bxe1 20. Rxe1 Bxa4 21. Re7 {Black is a pawn up, but
White's rook activity promises some compensation.} Bb3 22. Be4 b5 $1 ({Bad is} 
22... Rc8 23. Bf5 Rf8 24. Rxc7 (24. Be4 f5) 24... Bxd5 25. Bc8 $11) 23. Rxc7 a5
{Pushing forward the pawns of the queenside is the only way to get winning
chances.} 24. Rb7 {Other moves don't promise equality:} (24. Rd7 a4 25. Rxd6 b4
26. Rc6 a3 27. bxa3 bxa3 28. Rc1 a2 29. Ra1 Ra4 $17) (24. Bd3 b4 25. Bb5 Bxd5 (
25... g6 26. Bc6 Ra6 27. Rb7 $11) (25... a4 26. Bc6 Rb8 27. Ra7 $14) 26. Rd7
Rc8 27. Rxd6 Bf3 $17) 24... b4 25. f4 {activating the king.} Re8 26. Kf2 g5 $1
{winning an important tempo.} 27. Bd3 gxf4 28. gxf4 Bxd5 29. Rb5 Be4 30. Be2 ({
After} 30. Bxe4 Rxe4 31. Rxa5 Rxf4+ 32. Ke3 Rh4 $17 {Black's chances to win
the game are not bad.}) 30... Bc6 ({Black cannot win with the passive rook:} 
30... Ra8 31. Bf3 Bxf3 32. Kxf3 Kg7 33. Ke4 $44) 31. Rxa5 $6 ({Stronger was} 
31. Rb6 $1 Rc8 32. Bd1 {[%cal Yb6a6]} Kf8 33. Ra6 a4 34. Bxa4 Bxa4 35. Rxa4
Rc2+ 36. Ke3 Rxb2 37. Ke4 $11) 31... Re4 32. d5 (32. Rg5+ {isn't better, in
view of:} Kf8 33. d5 Bb7 34. Rf5 {[%cal Ye2h5]} Bc8 $1 (34... Rd4 35. Bh5 Bxd5
36. Ke3 Be6 37. Kxd4 Bxf5 38. Kc4 $11) 35. Rf6 Ke7 36. Bf3 Rc4 37. Rh6 Bf5 $17)
32... Rxf4+ 33. Kg3 Rf5 34. Ra6 Bxd5 35. Rxd6 Be6 (35... Rg5+ 36. Kf2 (36. Kf4
Rg2 37. Ke3 Be6 $17) 36... Kg7 37. Bf3 $15) 36. Rd4 Rg5+ (36... b3 37. Bc4) (
36... Re5 37. Bg4 f5 38. Bd1 b3 39. Kf4 $15) 37. Kf2 b3 38. Rb4 $4 ({White
could easily achieve a draw after} 38. Bc4 $1 Bxc4 39. Rxc4 Rb5 40. Rc3 $11)
38... Rc5 39. Bd1 Rc2+ $1 {winning another pawn.} 0-1